Statistics for Countries with embassies and consulates in Taiwan

Click here to take the quiz!

General Stats

  • This quiz has been taken 39 times
  • The average score is 13 of 16

Answer Stats

ContinentCountry% Correct
North AmericaEl Salvador
94%
North AmericaGuatemala
94%
North AmericaHonduras
94%
North AmericaNicaragua
94%
OceaniaPalau
94%
South AmericaParaguay
94%
North AmericaBelize
91%
OceaniaMarshall Islands
91%
OceaniaNauru
88%
OceaniaTuvalu
88%
OceaniaKiribati
85%
OceaniaSolomon Islands
82%
EuropeVatican City
71%
North AmericaSaint Lucia
47%
AfricaSwaziland
47%
North AmericaSaint Kitts and Nevis
32%

Score Distribution

Percentile by Number Answered

Percent of People with Each Score

Your Score History

You have not taken this quiz